000 00426nam a2200193Ia 4500
005 20240823022737.0
008 240823s9999||||xx |||||||||||||| ||und||
020 _a81-7809-012-0
041 _aENGLISH
082 _A158 N9
100 _a"Ziglar,Zig"
245 0 _aOver the Top
250 _a1st
260 _c1999
_b"Magna,M"
_aMumbai
500 _aYES
650 _aGeneral
_bGeneral
942 _cBK
999 _c179897
_d179897